000 00751nam a2200205 i 4500
001 133791
003 ES-MaACL
007 t|
008 070829s1986 gw ||||1| eng d
245 0 0 _aWorld guide to libraries
_b: = Internationales Bibliotheks-Handbuch /
_ceditorial director, Helga Lengenfelder.
250 _a7th ed.
260 _aMünchen ; New York :
_bK. G. Saur,
_c1986.
300 _aXXXIII, 1203 p. ;
_c30 cm.
490 1 _aHandbook of international documentation and information ;
_v8
650 1 4 _aBibliotecas-
_vDirectorios.
_910535
700 1 _aLengenfelder, Helga.
_971517
830 0 _aHandbook of international documentation and information ;
_v8
_9219787
852 _aES-MaACL
_jL-9761
_bR.112295
999 _c133791
_d133791